logo

Bir Sreshtho Munshi Abdur Rouf Library
Jhenaidah Cadet College

ভৌত রসায়নের পরীক্ষা / (Record no. 7556)

MARC details
000 -LEADER
fixed length control field 00731nam a2200229 a 4500
001 - CONTROL NUMBER
JCCL Control Number 7556
003 - CONTROL NUMBER IDENTIFIER
JCCL marc code BD-JhCC
005 - DATE AND TIME OF LATEST TRANSACTION
control field 20180211171819.0
008 - FIXED-LENGTH DATA ELEMENTS--GENERAL INFORMATION
fixed length control field 180211s 2001bg a|||| |||| 001 0 ben d
020 ## - INTERNATIONAL STANDARD BOOK NUMBER
International Standard Book Number 9840741950
035 ## - SYSTEM CONTROL NUMBER
system control number (BD-JhCC)7556
040 ## - CATALOGING SOURCE
Original cataloging agency BD-JhCC
Modifying agency BD-JhCC
041 ## - LANGUAGE CODE
Language code of Book ben
082 ## - DEWEY DECIMAL CLASSIFICATION NUMBER
Classification number 541.3078
Author mark and Year PAL 2001
100 ## - MAIN ENTRY--PERSONAL NAME
Personal name পাল, ড. সুভাষ চন্দ্র
245 ## - TITLE STATEMENT
Title ভৌত রসায়নের পরীক্ষা /
Statement of responsibility, etc ড. সুভাষ চন্দ্র পাল
260 ## - PUBLICATION, DISTRIBUTION, ETC. (IMPRINT)
Place of publication, distribution, etc ঢাকা :
Name of publisher, distributor, etc বাংলা একাডেমী,
Date of publication, distribution, etc 2001.
300 ## - PHYSICAL DESCRIPTION
Pagination 548 p. :
Dimensions 24 cm.
Other physical details ill . ;
650 ## - SUBJECT ADDED ENTRY--TOPICAL TERM
Topical term or geographic name as entry element Chemistry
Geographic subdivision Physical and theoretical
942 ## - ADDED ENTRY ELEMENTS (KOHA)
Source of classification or shelving scheme Dewey Decimal Classification
Koha item type Books
Holdings
Source of classification or shelving scheme Damaged status Not for loan Home library Current library Shelving location Date of accession Cost, normal purchase price Total Checkouts Full call number Barcode Date last seen Copy number Koha item type
Dewey Decimal Classification     JCC Rouf Library JCC Rouf Library General Stacks 02/11/2018 280.00   541.3078 PAL 2001 9972 02/11/2018 C - 1 Books

JCC Library | Contacts | JCC Home

Last Update on 23 September 2017
Copyright @ 2017-2020 JCC Rouf Library
Rouf Library, Jhenidah Cadet College (JCC), Bangladesh